000 00690nam a22002297a 4500
003 UA-OsUOA
001 78689
007 ta
008 20111018b un ||||| |||| 00| 0 ukr d
090 _a821.161.1
_bУ17
942 _cBK
040 _aUA-OsUOA
_brus
_cUA-OsUOA
_dUA-OsUOA
245 _aУбийство за кулисами: три зарубежных детектива
_bсборник
_cсост. В.П.Поломарев
300 _a623 с.
955 _a3
041 _arus
080 _a821.161.1
020 _a5-7715-0442-4
260 _aК.
_bМистецтво
_c1990
650 7 _a82 Література. Літературознавство
_2UDC
999 _c365009
_d365009